| 000 | 00448 a2200133 4500 | ||
|---|---|---|---|
| 001 | 87631 | ||
| 082 | _aPR 12 | ||
| 090 |
_c41086 _d41086 |
||
| 100 | _aHusham, Plt Off 15196; Salman, Plt Off 15199 69(B) EC | ||
| 245 | _aDesign and implementation of a frequency hopping system on a software defined radio : phase IV | ||
| 260 |
_aRisalpur _bCAE PAF Academy Risalpur _c2010 |
||
| 300 |
_aviii, 42p. _eSohail Ahmed Wg Cdr |
||
| 500 | _aBE Project Reports | ||
| 942 |
_aCAE NUST _kPR 12 |
||
| 999 |
_c322704 _d322704 |
||